Strategic management and business policy : (Record no. 26821)
[ view plain ]
| 000 -LEADER | |
|---|---|
| fixed length control field | 01113cam a22003375a 4500 |
| 001 - CONTROL NUMBER | |
| control field | 015467348 |
| 003 - CONTROL NUMBER IDENTIFIER | |
| control field | Uk |
| 005 - DATE AND TIME OF LATEST TRANSACTION | |
| control field | 20180719104148.0 |
| 008 - FIXED-LENGTH DATA ELEMENTS--GENERAL INFORMATION | |
| fixed length control field | 090928t2010 njua frb 001 0 eng d |
| 015 ## - NATIONAL BIBLIOGRAPHY NUMBER | |
| National bibliography number | GBB0C6286 |
| Source | bnb |
| 016 7# - NATIONAL BIBLIOGRAPHIC AGENCY CONTROL NUMBER | |
| Record control number | 015467348 |
| Source | Uk |
| 020 ## - INTERNATIONAL STANDARD BOOK NUMBER | |
| International Standard Book Number | 9780137029150 (pbk.) |
| 020 ## - INTERNATIONAL STANDARD BOOK NUMBER | |
| International Standard Book Number | 0137029152 (pbk.) |
| 040 ## - CATALOGING SOURCE | |
| Original cataloging agency | StDuBDS |
| Language of cataloging | eng |
| Transcribing agency | StDuBDS |
| Modifying agency | Uk |
| -- | EG-ScBUE |
| 042 ## - AUTHENTICATION CODE | |
| Authentication code | ukblcatcopy |
| 082 04 - DEWEY DECIMAL CLASSIFICATION NUMBER | |
| Classification number | 658.4012 |
| Item number | WHE |
| Edition number | 22 |
| 100 10 - MAIN ENTRY--PERSONAL NAME | |
| Personal name | Wheelen, Thomas L. |
| 9 (RLIN) | 11715 |
| 245 10 - TITLE STATEMENT | |
| Title | Strategic management and business policy : |
| Remainder of title | achieving sustainability / |
| Statement of responsibility, etc | Thomas L. Wheelen, J. David Hunger. |
| 250 ## - EDITION STATEMENT | |
| Edition statement | 12th ed., International ed. |
| 260 ## - PUBLICATION, DISTRIBUTION, ETC. (IMPRINT) | |
| Place of publication, distribution, etc | Upper Saddle River, N.J. ; |
| -- | London : |
| Name of publisher, distributor, etc | Prentice Hall, |
| Date of publication, distribution, etc | c.2010. |
| 300 ## - PHYSICAL DESCRIPTION | |
| Extent | 979 p. : |
| Other physical details | ill. (col.) ; |
| Dimensions | 26 cm. |
| 500 ## - GENERAL NOTE | |
| General note | Previous ed. : 2008. |
| 500 ## - GENERAL NOTE | |
| General note | Includes Student Access code card. |
| 504 ## - BIBLIOGRAPHY, ETC. NOTE | |
| Bibliography, etc | Includes bibliographical references and index. |
| 650 #7 - SUBJECT ADDED ENTRY--TOPICAL TERM | |
| Topical term or geographic name as entry element | Strategic planning. |
| Source of heading or term | BUEsh |
| 651 ## - SUBJECT ADDED ENTRY--GEOGRAPHIC NAME | |
| Source of heading or term | BUEsh |
| 653 ## - INDEX TERM--UNCONTROLLED | |
| Resource For college | BAEPS, Business Administration |
| Arrived date list | July2018 |
| 700 1# - ADDED ENTRY--PERSONAL NAME | |
| Personal name | Hunger, J. David, |
| Dates associated with a name | 1941- |
| 9 (RLIN) | 11719 |
| 856 04 - ELECTRONIC LOCATION AND ACCESS | |
| Uniform Resource Identifier | <a href="www.mymanagementlab.com">www.mymanagementlab.com</a> |
| 942 ## - ADDED ENTRY ELEMENTS (KOHA) | |
| Source of classification or shelving scheme | Dewey Decimal Classification |
| Withdrawn status | Item status | Source of classification or shelving scheme | Damaged status | Not for loan | Vendor | Home library | Current library | Shelving location | Date acquired | Source of acquisition | Total Checkouts | Full call number | Barcode | Date last seen | Koha item type |
|---|---|---|---|---|---|---|---|---|---|---|---|---|---|---|---|
| Dewey Decimal Classification | Baccah | Central Library | Central Library | First floor | 19/07/2018 | Purchase | 658.4012 WHE | 000043467 | 15/07/2025 | Book - Borrowing |